| 000 | 00352cam a22001217a 4500 | ||
|---|---|---|---|
| 008 | 180718b1993 xxu||||| |||| 00| 0 eng d | ||
| 082 | _aB19 D679 | ||
| 100 | _aDogra, Bharat | ||
| 245 |
_aLiving for others: Vimla and Sunderlal Bahuguna _cby Bharat Dogra |
||
| 260 |
_aNew Delhi _bThe author _c1993 |
||
| 300 | _a64p. | ||
| 650 | _aIndia- social conditions. | ||
| 999 |
_c400793 _d400793 |
||